000 00767cab a2200217 4500
001 WB3118-12
008 090401t1995 xxu||||| |||| 00| 0 eng d
035 _a(Sirsi) u65685
041 _aeng
245 _aCity walls - building on amicable access
260 _c1995
350 _a0
490 _aEstates Gazette
_v(9518) 6 May 1995, 116(1)
520 _a"Chartered Society of Physiotherapy v Simmond Church Smiles" 1995 (Abs52729) concerns the right of appeal against the third surveyor`s award under London Building Acts (Amendment) Act 1939 s55.
650 _aLONDON BUILDING ACTS (AMENDMENT) ACT 1939
650 _aParty walls
_96258
650 _aTHIRD SURVEYOR
690 _aHIGHWAYS RIGHTS OF WAY AND EASEMENTS
942 _n0
948 _c04/03/1997
999 _c40985
_d40985